00373nam a2200145Ia 4500008004100000041000800041082001700049100003400066245005200100250000800152260002400160300000900184542001500193650001900208220531s9999 xx 000 0 und d aeng a-bCAP / SAN aSangale, Balasaheb and others aCapital market And Financial Services (Sem.-IV) a1ST aPunebSuccessc2014 a4.13 d09-10-2018 aCapital Market